LIBRARY & INFORMATION CENTRE, KCAET, TAVANUR

ONLINE PUBLIC ACCESS CATALOGUE (OPAC)

Water Pollution and Management (Record no. 13712)

MARC details
000 -LEADER
fixed length control field 00349nam a22001457a 4500
020 ## - INTERNATIONAL STANDARD BOOK NUMBER
ISBN 9788176222273
082 ## - DEWEY DECIMAL CLASSIFICATION NUMBER
Classification number 628.168
Item number MAL/WA
245 ## - TITLE STATEMENT
Title Water Pollution and Management
260 ## - PUBLICATION, DISTRIBUTION, ETC. (IMPRINT)
Place of publication Delhi
Name of publisher Biotech Books
Year of publication 2011
300 ## - PHYSICAL DESCRIPTION
Number of Pages 561
700 ## - ADDED ENTRY--PERSONAL NAME
Personal name Malik, D.S.
700 ## - ADDED ENTRY--PERSONAL NAME
Personal name Sunil Kumar
700 ## - ADDED ENTRY--PERSONAL NAME
Personal name Bharti, Umesh
942 ## - ADDED ENTRY ELEMENTS (KOHA)
Koha item type Books
Holdings
Withdrawn status Lost status Damaged status Collection code Home library Current library Shelving location Date acquired Source of acquisition Cost, normal purchase price Full call number Accession Number Koha item type
      Non-fiction KAUAET KAUAET General Stacks 31/03/2012 Universal Research Books, Thrissur 1700.00 628.168 MAL/WA 23367 Books
        KAUAET KAUAET General Stacks 23/07/2016 Universal Research Books 1700.00 628.168 MAL/WA 24323 Books
free website counter